| 000 | 00904nam a2200277Ia 4500 | ||
|---|---|---|---|
| 999 |
_c41074 _d41074 |
||
| 001 | 7723 | ||
| 003 | GE_BSU | ||
| 005 | 20221116113150.0 | ||
| 008 | 181216s2005en xx |||||||||||||| ||eng|| | ||
| 020 | _a1852336625.x | ||
| 040 | _cGE_BSU | ||
| 041 | _aeng | ||
| 080 | _a512.64B-68 | ||
| 100 |
_aBlyth,T.S. _914694 |
||
| 245 |
_aBasic Linear Algebra / _cT.S. Blyth, ,E.F. Robertson, Advisory Board:P.J.Cameron,M.A.J.Chaplain, K.Edman,and other. |
||
| 264 |
_aLondon: _bSpringer, _c2005. |
||
| 300 |
_a231p; _c24 cm. |
||
| 440 |
_aSecod Edition.Springer Undergraduate Mathematics Series: ISSN 1615-2085. _914699 |
||
| 653 | _aBasic Linear Algebra. | ||
| 653 | _aალგებრა. | ||
| 700 |
_a Robertson, E.F. _914700 |
||
| 700 |
_aCameron, P.J. _eAdvisory Board _914676 |
||
| 700 |
_aChaplain, M.A.J _eAdvisory Board _914672 |
||
| 700 |
_aEdman, K. _eAdvisory Board _914691 |
||
| 942 |
_cBK _2udc |
||